[Event "Amber-rapid 20th"]
[Site "Monte Carlo"]
[Date "2011.03.22"]
[Round "9"]
[White "Kramnik, Vladimir"]
[Black "Aronian, Levon"]
[Result "1/2-1/2"]
[WhiteElo "2785"]
[BlackElo "2808"]
[Annotator "Marin,M"]
[PlyCount "84"]
[EventDate "2011.03.12"]
[EventType "tourn (rapid)"]
[EventRounds "11"]
[EventCountry "MNC"]
[EventCategory "21"]
[SourceTitle "CBM 142"]
[Source "ChessBase"]
[SourceDate "2011.05.17"]
[SourceVersion "1"]
[SourceVersionDate "2011.05.17"]
[SourceQuality "1"]

1. d4 Nf6 2. c4 g6 3. Nc3 d5 4. cxd5 Nxd5 5. e4 Nxc3 6. bxc3 Bg7 7. Be3 c5 8.
Qd2 cxd4 9. cxd4 Nc6 10. Rd1 {Delaying Ng1-f3 for so long implies placing the
rook on a slightly unusual square. Black should find a way of rapidly using
this circumstance, because otherwise the mobile centre would become very
strong and the rook will just sustain the advance of the d-pawn.} Bg4 $5 {
In the Gruenfeld defence, this kind of bishop incursion is supposed to
threaten doubling the enemy pawns with ...Bxf3 or provoke f2-f3 if the knight
is on e2. Attacking the rook with ...Bg4 is not very customary, though.} (10...
Qa5 11. Qxa5 Nxa5 12. Bd3 (12. Nf3 {Karpov,A (2730)-Kasparov,G (2800)/Lyon/New
York 1990/CBM 021/[Ftacnik] (1/2, 34)}) 12... O-O 13. Ne2 Bd7 (13... f5 {
Volkov,S (2587)-Semeniuk,A (2456)/St Petersburg 1999/CBM 071/[Krasenkow] (1-0,
85)}) 14. Rb1 b6 15. Kd2 {Jussupow,A (2665)-Khalifman,A (2650)/Ubeda 1997/CBM
058/[Ernst] (1-0, 51)}) (10... O-O 11. Nf3 Bg4 {Parligras,M (2598)
-Nepomniachtchi,I (2729)/Aix-les-Bains 2011/CBM 142/[Krasenkow] (1-0, 42)}) 11.
Be2 {The simplest way of continuing the somewhat delayed development.} (11. f3
Bd7 {leaves White with two minor pieces competing for the e2-square, Krush,I 
(2399)-Lalic,B (2548)/Hastings 2000/CBM 075/[Krasenkow] (0-1, 56)}) 11... Bxe2
12. Nxe2 {White has managed to maintain the integrity of his centre and get a
normal development. Black has his own trumps, though. The exchange of two
minor pieces make his lack of space less relevant, while the c4-square has
become a comfortable target for his knight.} Na5 (12... O-O 13. O-O e6 14. Bh6
$1 {A standard reaction once the f6-square has been weakened so radically.} (
14. d5 {Kozul,Z (2605)-Avrukh,B (2575)/Belgrade 1999/CBM 069/[Avrukh,B] (0-1,
40)}) 14... Qa5 15. Qe3 Bxh6 16. Qxh6 Qxa2 17. Nf4 Ne7 18. Qg5 (18. Rd3 $5)
18... f6 (18... Qa3 19. Rd3 $40) 19. Qb5 b6 20. Ra1 Qc2 21. Nxe6 $16 {Roiz,M 
(2658)-Avrukh,B (2641)/Netanya 2009/CBM 131 Extra (1-0, 50)}) 13. Rc1 {
"Correcting" the rook's position.} ({The other way of defending the c4-square
is} 13. Qb4 O-O 14. O-O b6 15. d5 Qd6 16. Qb5 Qe5 $132 {Lputian,S (2605)
-Kasparov,G (2851)/Wijk aan Zee 2000/CBM 075/[Krasenkow] (1/2, 30)}) 13... O-O
{Aronian deviates from an earlier game of his.} (13... b5 14. Qb4 a6 15. a4 Nc4
16. axb5 Nxe3 17. fxe3 Rb8 18. Qc3 axb5 19. Qc6+ Qd7 20. Kd2 Qxc6 21. Rxc6 {
Now, in Nielsen,P (2585)-Aronian,L (2528)/Ohrid 2001/CBM 084/[Krasenkow] (1-0,
76), Black should have kept his king close to the centre with} Kd7 {according
to Krasenkow.}) 14. O-O $146 {Forcing Black to reveal his cards.} (14. Qb4 {
, as played in Franco Alonso,A (2421)-Moreno Ruiz,J (2485)/Madrid 2006/CBM 111
ext (1/2, 44), is premature:} Nc6 $1 $146 15. Qa4 (15. Qxb7 Nxd4 $11) (15. Qc5
Rc8) (15. Qd2 Na5 $11) 15... a6 16. d5 b5 $132) 14... b5 {With the queen tied
up to the defence of the knight, Black cannot do without this move,
threatening to invade c4. White now gets a clear target, though.} 15. Qb4 a6
16. a4 (16. Bg5 Re8 17. a4 Rb8 $1 {With the rook on e8, this is simple and
good.} 18. Bf4 e5 $1 19. dxe5 bxa4 20. Qxa4 Bxe5 $11) 16... Nc4 ({But now,} 
16... Rb8 $2 {loses material to} 17. Bf4 $16 Rb7 18. Bd2 Nc4 19. Rxc4 $18) 17.
axb5 Nxe3 18. fxe3 axb5 19. Qxb5 {The positive difference if compared to
Aronian's previous game is that Black has castled. The negative side is that
he has lost a pawn on the way. WIll his counterplay against the weak e3-pawn
be enough?!} Ra3 20. Rf3 (20. Nc3 $2 Bxd4 $1 $17) (20. Rc3 $2 Rxc3 21. Nxc3
Bxd4 $1) (20. Qg5 e5 21. Qxd8 Rxd8 22. Rc7 Bh6 $132) 20... Bh6 21. Rc3 Ra1+ 22.
Rf1 Rxf1+ 23. Kxf1 e6 {White's coordination is a bit spoiled. His way of
making progress is not clear yet, but Black's counterplay is also not too
concrete. The compensation is on the verge of being adequate.} 24. g3 {Despite
weakening the long diagonal, this offers chances for keeping an edge.} (24. e5
$6 Qh4 25. h3 f6 $36) (24. h3 $5 {is a worthy alternative:} Qh4 25. Qb7 $1 {
Not only preventing ...Ra8, but also creating the possibility of Rc8!} Qf6+ (
25... f5 26. e5 f4 27. exf4 Bxf4 28. Rc8 $1 $16) 26. Kg1 Qh4 27. Qb1 Ra8 28. e5
$14) (24. Kg1 $5) 24... Qa8 25. d5 (25. Qd3 f5 $36 {[%cal Ga8h1]}) 25... Rb8 $6
{Dreaming of a queenside invasion, but probably missing White's strong reply.}
(25... exd5 26. exd5 Re8 {would have left White with serious problems proving
a constructive plan.}) 26. Ra3 $1 Qxa3 27. Qxb8+ Bf8 (27... Kg7 28. Qe5+ Kg8
29. dxe6 $16) 28. dxe6 fxe6 29. Kf2 $16 {White is a pawn up and can play for a
win without any risk.} Qa1 30. Qb3 Qf6+ 31. Nf4 Kf7 32. Ke2 (32. h4 $5 $16)
32... Qe5 33. Kf3 g5 $132 {Suddenly, the king feels some danger.} 34. Qb7+ Be7
35. Nd3 Qa1 36. Nf2 Qf1 37. Qb2 g4+ 38. Kxg4 Qg2 39. Qc2 h5+ 40. Kxh5 Qxh2+ 41.
Kg4 Bd6 42. Kf3 Bxg3 1/2-1/2

[Event "Amber-rapid 20th"]
[Site "Monte Carlo"]
[Date "2011.03.24"]
[Round "11"]
[White "Kramnik, Vladimir"]
[Black "Nakamura, Hikaru"]
[Result "0-1"]
[WhiteElo "2785"]
[BlackElo "2774"]
[Annotator "Krasenkow,M"]
[PlyCount "90"]
[EventDate "2011.03.12"]
[EventType "tourn (rapid)"]
[EventRounds "11"]
[EventCountry "MNC"]
[EventCategory "21"]
[SourceTitle "CBM 142"]
[Source "ChessBase"]
[SourceDate "2011.05.17"]
[SourceVersion "1"]
[SourceVersionDate "2011.05.17"]
[SourceQuality "1"]

1. Nf3 Nf6 2. c4 g6 3. Nc3 Bg7 4. e4 d6 5. d4 O-O 6. Be2 e5 7. O-O Nc6 8. d5
Ne7 9. Nd2 a5 10. a3 Kh8 11. Rb1 Nd7 12. b4 f5 13. f3 f4 14. Nb5 {Other
popular moves in this position:} (14. c5 {(a direct breakthrough with a pawn
sacrifice)}) (14. Na4) (14. Qc2) (14. Nb3) 14... b6 (14... g5 15. Qc2 axb4 (
15... b6 16. c5 $1 bxc5 17. bxc5 dxc5 (17... Nxc5 18. a4 {[%cal Yc1a3]}) 18.
Nc4 c6 19. d6 cxb5 20. dxe7 Qxe7 21. Rxb5 a4 22. Rd1 $16 {1-0 Rohde,W (2533)
-Danek,L (2546)/ICCF 2002/ICCF Telechess CBM 100 (53)}) 16. axb4 Nf6 17. c5 Ne8
18. Bb2 h5 19. Ra1 Rb8 20. Na7 Bd7 21. b5 dxc5 22. Qxc5 Ng6 {0-1 Tratar,M 
(2420)-Freitag,M (2385)/Frohnleiten 1998/CBM 064 ext/[Bulletin] (44)} 23. Nc4 {
[%cal Rc4e5]} Rg8 24. b6 $14) 15. Qc2 (15. c5 bxc5 16. bxc5 Nxc5 17. a4 c6 $1 (
17... g5 18. Ba3 Na6 19. Qc2 Rf7 20. Rfc1 $16 {1-0 Vladimirov,E (2550)
-Temirbaev,S (2390)/Alma-Ata 1989/EXT 1997 (41)}) 18. dxc6 Nxc6 19. Nc4 Nd4 20.
Rf2 Bd7 21. Bf1 Bxb5 22. axb5 Qc7 23. Ra2 a4 24. b6 Qc6 25. Ba3 {1/2 Muschalek,
I-Jorgensen,A (2460)/ICCF 2002/ICCF Telechess CBM 112}) (15. Bb2 g5 16. Qc2 h5
17. Nb3 axb4 18. axb4 Nf6 19. Ra1 Rxa1 20. Rxa1 g4 21. c5 gxf3 22. Bxf3 Bg4 23.
Ra6 Bxf3 24. gxf3 Nexd5 $1 25. exd5 Nxd5 $44 {1/2 Parwicz,W (2080)-Hardy,D 
(2110)/IECG 2006/Telechess CBM 127 (45)}) 15... a4 $5 $146 {[%mdl 8] A curious
idea. Instead of opening the a-file for White, Black prevents a3-a4 and Bc1-a3.
The a4-pawn can be captured but that will take a lot of time.} (15... axb4 16.
axb4 g5 17. Bb2 h5 18. Ra1 Ra6 19. Na7 Rxa1 20. Rxa1 Bb7 21. Nb5 Nc8 22. Nb3
Rg8 23. c5 dxc5 24. bxc5 c6 25. dxc6 Bxc6 26. Bc4 Rf8 27. Qf2 Qf6 28. Nc3 $14 {
1/2 Tratar,M (2451)-Magoo/Dos Hermanas 2003/EXT 2004 (76)}) 16. Rd1 (16. Nc3 {
was still logical.}) 16... g5 17. g4 h5 18. h3 Rf6 19. Bb2 Rh6 20. Kg2 Ng6 21.
Rh1 Bf8 {Both sides have taken prophylactical measures against the opponent's
attack.} 22. Kf2 Nf6 23. c5 $1 {[%mdl 32] The only way to break Black's
defence.} dxc5 24. Nc4 Bd6 25. Bc3 $6 (25. h4 $1 {apparently gave White good
chances, e.g.} hxg4 (25... Nxg4+ 26. fxg4 hxg4 27. h5 g3+ 28. Kg1) 26. hxg5
Rxh1 27. Rxh1+ Nh7 28. Qc1 $1 {[%cal Rh1h7]}) 25... Kg7 26. Qb2 (26. h4 $5)
26... cxb4 27. axb4 Qe7 28. Rbg1 $2 (28. Nbxd6 cxd6 29. b5 $1 $13) 28... Bd7
29. Nbxd6 cxd6 30. h4 {Too late!} ({As well as} 30. b5 Rah8) 30... hxg4 31.
hxg5 Nxe4+ $1 {It is now Black who obtains a decisive attack on the kingside}
32. fxe4 Rxh1 33. Rxh1 f3 34. Nxb6 g3+ $1 35. Kxf3 Rf8+ 36. Ke3 Qxg5+ 37. Kd3
Bb5+ 38. Kc2 Rf2 39. Bd2 Rxe2 40. Qc3 g2 41. Rg1 a3 42. Kc1 Rxd2 43. Qxd2 a2
44. Kc2 Qxd2+ 45. Kxd2 Bf1 0-1

[Event "Dortmund SuperGM 39th"]
[Site "Dortmund"]
[Date "2011.07.24"]
[Round "4"]
[White "Nakamura, Hikaru"]
[Black "Kramnik, Vladimir"]
[Result "0-1"]
[WhiteElo "2770"]
[BlackElo "2781"]
[Annotator "Kramnik,V"]
[PlyCount "94"]
[EventDate "2011.07.21"]
[EventType "tourn"]
[EventRounds "10"]
[EventCountry "GER"]
[EventCategory "20"]
[SourceTitle "CBM 144"]
[Source "ChessBase"]
[SourceDate "2011.09.16"]
[SourceVersion "1"]
[SourceVersionDate "2011.09.16"]
[SourceQuality "1"]

1. d4 Nf6 2. c4 e6 3. Nc3 Bb4 4. Nf3 c5 5. g3 {As expected. Since Hikaru has
started working with Kasparov this has become his favourite weapon against the
Nimzo Indian.} cxd4 6. Nxd4 O-O 7. Bg2 d5 8. Qb3 {A rather forgotten line
nowadays, but it was played by Kasparov several times in the eighties.} (8.
cxd5 Nxd5 9. Qb3 {is the most fashionable nowadays.}) 8... Bxc3+ 9. bxc3 Nc6
10. cxd5 Na5 11. Qc2 Nxd5 12. O-O (12. Qd3 {was Garry's choice in this
position, but after} Qc7 {was found, the whole line went out of fashion} 13.
Nb5 Qc6) 12... Qc7 (12... Bd7 {is a serious alternative here.}) 13. Re1 {
This makes sense, but it's hard to believe that White can seriously pretend to
be better with such a slow move.} (13. e4 Nxc3 {I guess that it is what Hikaru
did not like} (13... Nb6 {is always an option, of course}) 14. Bb2 (14. Bd2
Ne2+ 15. Kh1 Qxc2 16. Nxc2 Nc6) 14... Nb5 15. Qxc7 Nxc7 {and although White
definitely has enough play for the pawn, it seems very drawish.}) 13... Bd7 {
Logical.} (13... Rd8 14. e4) 14. e4 Nb6 (14... Nxc3 {is already not working
here:} 15. Bd2 Rac8 16. Rac1) 15. e5 {So far White had not spent any time on
his moves, so I started to search for a decent move which would make him think.
} Ba4 {Right choice! Nakamura started to think here finally!} (15... Rfc8 {
is perfectly playable, of course, but too logical to be a surprise :)}) 16. Qd3
Qc4 {That is the point, I start to bother his pieces immediatly, not allowing
White to gather his forces around my king.} (16... Rac8 17. Be4 $36) 17. Qf3 (
17. Qxc4 {might be the best choice actually, but somehow I was sure Hikaru
would not do it :)} Nbxc4 18. Rb1 Rab8 19. f4 {might be little better for
White, but nothing to worry about really, I thought.}) 17... Nc6 {The move
which I had to see in advance, otherwise Black's operation would not make
sense at all.} 18. Re4 {Probably the best move, played after ve-e-e-ery long
reflection, approximately one hour! Usually experience shows, that after such
a long thought a player comes up with a bad move, but this time it is an
exception to the rule.} (18. Qg4 {was possible, but gives me a wide choise of
interesting options:} Bc2 (18... Kh8 {might be the simplest}) (18... h5 19. Qh4
$13 Qxc3 (19... Nd5)) 19. Ba3 (19. Bh6 Bg6) 19... Rfc8) 18... Nxd4 19. Rxd4 Bc6
{Again a very important move which I had to have foreseen in advance, solving
all problems, if there were any at all.} 20. Rxc4 {There is no other sensible
way for White to play for advantage.} Bxf3 21. Rc7 Bxg2 22. Kxg2 Rab8 23. Rb1
Rfc8 24. Rxc8+ Rxc8 25. Rb3 {Already strange, since White obviously can't win
anymore.} (25. Be3 {was a forced draw:} Rxc3 26. Bxb6 axb6 27. Rxb6 Rc7) 25...
h5 26. Be3 Nd5 27. Bd4 $2 {Probably the voice of the blood. Hikaru, like a
true samurai, is making hara-kiri :)} (27. Bxa7 {leads to a draw in all lines:}
Rxc3 28. Rxc3 (28. Rxb7 Ra3) 28... Nxc3 29. a3) 27... b6 {Obviously Black is
just much better here. Plus Nakamura was already getting into time trouble.}
28. f4 {I would prefer to leave this pawn on f2.} (28. Kf3 $142) 28... Rc4 {
Very important. Now my rook gets to a4 and White's position starts to collapse
slowly but surely.} 29. Kf1 (29. Ra3 $142 a5 {/\a4} 30. Rb3 a4 (30... Kh7 31.
Kf3 a4) 31. Rb2 Nxc3 32. Bxb6 Nd5 33. Bf2 {with some drawing chances} Kh7)
29... Ra4 30. Rb2 (30. a3 Ne7 $1 {/\ Nc6, Na5} 31. Be3 Nc6 $17 32. Bc1 Re4)
30... Kh7 {No need to hurry, Black gets his king into play with decisive
effect.} 31. Kf2 Kg6 32. Rc2 Ra3 33. h3 b5 34. Rb2 a6 35. Rc2 Kf5 (35... h4 {
is not bad either, but I decided that it is time to force matters already.})
36. Kf3 b4 37. g4+ hxg4+ 38. hxg4+ Kg6 39. Ke4 bxc3 40. Rh2 (40. f5+ Kg5 41.
fxe6 fxe6 42. Kf3 Ra4 $19) 40... Ra4 41. Rf2 a5 {Strangely enough White is in
some kind of zugzwang here, therefore I decided to ask him to move.} 42. Kd3 (
42. Rc2 Nxf4) (42. f5+ Kg5) 42... c2 {This is the end of the story.} 43. f5+
Kg5 44. Bb2 Nb4+ 45. Kc3 Rxa2 46. Rf1 Kxg4 47. fxe6 fxe6 {I am very strong in
such positions, so Hikaru resigned here.} 0-1